000 00879nam a2200241Ia 4500
003 OSt
005 20220918112027.0
006 a|||||r|||| 00| 0
007 ta
008 220915b |||||||| |||| 00| 0 hin d
024 _a217179
037 _cTextbook
040 _bhin
_aARTS
_cARTS
041 _ahin
082 _aO152,6M87x, K2
100 _aगुलाब राय; गुप्ता, सुधा रानी, संपा.
_911650
245 0 _aजीवन रश्मियां
246 _aJīvan rashmiyāan
260 _aदिल्ली
_bशिवलाल अग्रवाल एंड कंपनी
_c1962
650 _aहिन्दी साहित्य
942 _hO152,6M87x, K2
_cTB
_2CC
999 _c117940
_d117940